| 000 | 00000nam 2200000za 4500 |
| 001 | 9.846050 |
| 003 | CaOODSP |
| 005 | 20221107153116 |
| 007 | cr ||||||||||| |
| 008 | 180430s2002 onc fof f000 0 eng d |
| 040 | |aCaOODSP|beng |
| 043 | |an-cn--- |
| 086 | 1 |aM39-140/2002E-PDF |
| 245 | 00|aExamination guide for initial certification |h[electronic resource] : |bindustrial radiography : aerospace sector. |
| 246 | 30|aIndustrial radiography :|baerospace sector |
| 260 | |aOttawa : |bNDT Certifying Agency, CANMET Materials Technology Laboratory, Natural Resources Canada, |c2002. |
| 300 | |a34 p. |
| 500 | |aIssued also in French under title: Guide du candidate à l'examen de certification initiale : radiographie Industrielle : secteur de l'aérospatiale. |
| 500 | |a"December 1, 2002." |
| 500 | |a"NRCan/MTL/NCB DOC. 4-9-RTAS." |
| 692 | 07|2gccst|aHandbooks |
| 692 | 07|2gccst|aCertification |
| 693 | 4|aRadiography |
| 710 | 1 |aCanada.|bNatural Resources Canada. |bMinerals and Metals Sector. |
| 775 | 08|tGuide du candidate à l'examen de certification initiale |w(CaOODSP)9.855967 |
| 856 | 40|qPDF|s732 KB|uhttps://publications.gc.ca/collections/collection_2018/rncan-nrcan/M39-140-2002-eng.pdf |